00943nam a2200277 i 4500001001000000003000900010005001700019007000300036008004100039020001500080040003000095041000800125082002400133100004200157245008400199250002200283264006200305300003600367336002700403337003300430338002800463490001900491651004800510651004700558651006000605000034157DO-SdBNP20260602155056.0ta110926s1999 mx b r 000 0 spa d a9681658574 aDO-SdBNPbspacBNPHUerda aspa4 a972.9305bM938b2231 aMoya Pons, Frank,d1944-eautor4aut.10aBreve historia contemporánea de la República Dominicana /cFrank Moya Pons. aPrimera edición 4aMéxico :bEditora Fondo de Cultura Económica,c@1999. a270 páginas :bmapas ;c17 cm atextobtxt2rdacontent asin mediaciónbn2rdamedia avolumenbnc2rdacarrier1 aPupular v567  aRepública DominicanaxHistoriaySiglo XIX aRepública DominicanaxHistoriaySiglo SS aRepública DominicanaxPolítica y gobiernoySiglo XX